000 00609cam a22002054a 4500
001 13803299
005 20250123114327.0
008 041201s2006 at a b 001 0 eng
020 _a9780534607708
050 0 0 _aRA776
_b.H148 2006
082 0 0 _a613
_222
100 1 _aHales, Dianne
_d1950-
245 1 3 _aAn invitation to health /
_cDianne Hales.
250 _aBrief 4th ed.
260 _aAustralia ;
_aBelmont, CA :
_bThomson/Wadsworth,
_cc2006
300 _axix, 429 p. :
_bcol. ill. ;
_c28 cm. +
_e1 CD-ROM (4 3/4 in.)
650 0 _aHealth.
650 0 _aSelf-care, Health.
942 _2lcc
_cBK
_e4th ed.
_n0
999 _c2908
_d2908